Crossword - "C" Words - Statistics

General Stats
  • This quiz has been taken 6,889 times
    4,423 since last reset
  • The average score is 25 of 35
Answer Stats
A/D Clue Answer % Correct
7. Across Humorous performance or genre (6) Comedy
94%
25. Across Shed tears (3) Cry
94%
14. Across Divide with a sharp tool (3) Cut
91%
23. Across One-hundredth of a dollar (4) Cent
90%
5. Down The roof of a room (7) Ceiling
89%
26. Across Place for legal proceedings (5) Court
88%
19. Across Metal container, or ability to (3) Can
85%
13. Down Individual in a story (9) Character
85%
18. Down Mineral for bones (7) Calcium
84%
7. Down Large stringed instrument (5) Cello
84%
11. Across Telephone communications (5) Calls
82%
15. Down Travel leisurely by ship (6) Cruise
82%
21. Down Maize; grain of a cereal crop (4) Corn
81%
4. Down Large marine fish (3) Cod
80%
8. Down Winner of a competition (8) Champion
78%
10. Across Group of families, esp. Scotland (4) Clan
78%
1. Across Flat, brown insect (9) Cockroach
78%
8. Across Made different or altered (7) Changed
77%
9. Across Capture or seize something (5) Catch
75%
13. Across Tooth on a gear (3) Cog
75%
2. Down Binding agreement (8) Contract
74%
24. Across Bend down low (6) Crouch
74%
21. Across Chocolate products or powders (6) Cocoas
73%
12. Down Rode a bike (6) Cycled
68%
1. Down Stylish and fashionable (4) Chic
65%
6. Down Poisonous compound (7) Cyanide
65%
20. Down Hidden storage or data (5) Cache
64%
20. Across Insect known for loud noise (6) Cicada
64%
22. Across Fabric or material (5) Cloth
59%
16. Down Leafy aromatic herb, coriander (8) Cilantro
51%
12. Across States something is the case (6) Claims
50%
Mystery Word Congratulations
30%
3. Down Connection with someone (7) Contact
25%
18. Across Effective organisation of people (12) Coordination
18%
17. Down Pieces in a board game (8) Counters
18%
No matching quizzes found
Score Distribution
Percent of People with Each Score
Percentile by Number Answered
Your Score History
You have not taken this quiz since the last reset